Sports Teams by State #2 - Statistics

General Stats
  • This quiz has been taken 129 times
    112 since last reset
  • The average score is 12 of 13
Answer Stats
Teams State % Correct
Rangers, Yankees, Bills, Knicks, Giants New York
98%
Suns, Coyotes, Diamondbacks, Cardinals Arizona
96%
Falcons, Hawks, Braves Georgia
94%
Bulls, Cubs, Bears, Blackhawks Illinois
94%
Steelers, Phillies, Eagles, 76ers, Flyers Pennsylvania
94%
Colts, Pacers Indiana
93%
Capitals, Redskins, Wizards, Nationals Washington D.C.
90%
Jazz Utah
89%
Chiefs, Royals, Cardinals, Blues Missouri
88%
Golden Knights, Raiders Nevada
84%
Trail Blazers Oregon
84%
Panthers, Hurricanes, Hornets North Carolina
82%
Devils New Jersey
75%
No matching quizzes found
Score Distribution
Percent of People with Each Score
Percentile by Number Answered
Your Score History
You have not taken this quiz since the last reset